The International directory of importers worldwide leather goods, footwear & travel accessories importing firms 2010.

Bibliographic Details
Format: Book
Published: Poulsbo, Washington: Interdata, 2010.
Edition:2010 ed.
Subjects:
LEADER 00935cam a2200277 7i4500
001 0000025327
005 20110107090000.0
020 0 0 |a 978-1-58239-021-5  
090 0 0 |a I 685.025   |b INT 
245 0 4 |a The International directory of importers worldwide leather goods, footwear & travel accessories importing firms 2010. 
250 0 0 |a 2010 ed. 
260 0 0 |a Poulsbo, Washington:   |b Interdata,   |c 2010. 
300 # # |a 255 p. 
650 0 0 |a Imports --   |x Directories  
650 0 0 |a Travel accessories --   |x Directories  
650 0 0 |a Footwear --   |x Directories  
650 0 0 |a Leather goods --   |x Directories  
651 0 0 |a Central america  
651 0 0 |a Asia Pacific  
651 0 0 |a West Asia  
651 0 0 |a North America  
651 0 0 |a Africa  
651 0 0 |a South America  
651 0 0 |a Europe  
999 |a B000028083  |b Directories  |c International  |e Business Information Centre 
999 |a B000028082  |b Directories  |c Products  |e Business Information Centre